| 000 | 00772nab a2200193 4500 | ||
|---|---|---|---|
| 001 | 244442 | ||
| 003 | OSt | ||
| 005 | 20260324132512.0 | ||
| 007 | tu | ||
| 008 | 260324s2020||||||| | ||
| 040 |
_aDE-2950 _cDE-2950 |
||
| 245 | 0 | 0 |
_a25 Jahre Kleist Forum, eine Million Zuschauer _bJubiläum. Zur Eröffnung im März 2001 noch umstritten, heute ein Publikumsmagnet.: Frankfurts Theater und Veranstaltungshaus hatte einen schweren Start, zum Richtfest gab es Pfiffe. Doch über die Jahre ist das Kleist Forum zum "Wohnzimmer" der Stadt geworden/ _cThomas Gutke |
| 264 | _c2026 | ||
| 653 | _aFrankfurt (O) | ||
| 653 | _aKleist Forum | ||
| 653 | _aJubiläum | ||
| 773 | 0 |
_g37. Jahrgang (2026) Nr. 67 vom 20.03.2026 , S. 15 mit Fotos _tMärkische Oderzeitung |
|
| 942 |
_2z _cA |
||
| 999 |
_c374355 _d374355 |
||